000 00516nam a2200181 a 4500
005 20210219153116.0
008 991125n 000 0 u
035 _aUPN01000078709
222 _aCOMUNICACION EDUCATIVA SEP
245 _aExito de bolsa de trabajo de Dirección de Profesiones
300 _a4
362 _a1991 Año 8, nos. 88-90 feb.-abr.
653 0 _aBOLSA DE TRABAJO
653 0 _aDIRECCION GENERAL DE PROFESIONES
653 0 _aMERCADO LABORAL
904 _aAC
_b016520
905 _aArticulo
999 _c68700
_d68700